00446nam a2200157Ia 45000010006000000050017000060080041000230410008000640820017000721000039000892450107001282600009002353000028002446500008002726540008002802473020260414151102.0260414t2011||||xx |||||||||||||| ||spa|| aESP a345.727bG65 aGonzalo Quiroga, Martha (ed.)eAUT 0aMétodos alternos de solución de conflictos :bherramientas de paz y modernización de la justicia c2011 a331 páginas :c24 cm. aDER aCDE